| 000 | 01072nam a2200325Ia 4500 | ||
|---|---|---|---|
| 003 | OSt | ||
| 005 | 20221007121206.0 | ||
| 006 | a|||||r|||| 00| 0 | ||
| 007 | ta | ||
| 008 | 221006b |||||||| |||| 00| 0 eng d | ||
| 020 | _a9780521696890 (pbk) | ||
| 024 | _a162494 | ||
| 037 |
_b209, 13/12/2011, N R Book Distributors _cTextual |
||
| 040 |
_aBDL _cBDL _beng |
||
| 041 |
_2eng _aeng |
||
| 082 | _aG:66, P8;1 Carb | ||
| 100 |
_aRanker Tom H _9710964 |
||
| 245 | 0 |
_aBiology and evolution of ferns and lycophytes _b Huafler Christopher H |
|
| 260 |
_aCambridge _bC U P _c2008 |
||
| 300 |
_axix; 480p. _ccm. |
||
| 500 | _aInclude bibliographical references; Index 468-480p. | ||
| 650 | _a Biology | ||
| 650 |
_a Ferns classification _9710965 |
||
| 650 |
_a Gametophytes _9710966 |
||
| 650 |
_a Lycophytes _9710714 |
||
| 650 | _aBotany | ||
| 700 |
_a Huafler Christopher H _9710967 |
||
| 942 |
_hG:66, P8;1 Carb _cTEXL _2CC |
||
| 999 |
_c1208540 _d1208540 |
||